000 00352nam a2200145Ia 4500
008 230917s9999||||xx |||||||||||||| ||und||
040 _e103686
_aMAIN
041 _aEnglish
082 _a301.04 D74E
100 _aDoshi, S L
245 0 _aEmile Durkheim: Samajshastriya adhyayan
260 _aJaipur
_bRawat
_c1996
300 _a172 p.
942 _cBK
999 _c115994
_d115994